00688nam a2200157 a 450000100100000000500170001000800410002704000250006810000300009324501270012326000680025030000200031804900090033895201660034799900170051300002810620200930031344.0110406s1935 dr 000 0 spa d aDO-SdBNPbspacBNPHU1 aHache S., Pedro O.95511510aTrujillo ante el mundo : cuentos literarios. :bpoesías traducidas y arregladas en forma de cuentos /cPedro O. Hache S. aSantiago, República Dominicana, :bImprenta Távares,c1935. a57 p. ;c14 cm. aBNPD 001050718RVaPDbPDcHDd2011-04-06iLF1l0o p28106-10r2020-06-25w2020-06-25y1zPerteneció a la biblioteca personal de Julio Ortega FrierZNo se presta c27598d27598